[Event "41st Arco Open 2019"]
[Site "Arco"]
[Date "2019.10.09"]
[Round "6"]
[White "Vezzosi, Paolo"]
[Black "Cardarelli, Angelo"]
[Result "1-0"]
[WhiteElo "2235"]
[BlackElo "2014"]
[Annotator "ChessBase"]
[PlyCount "73"]
[EventDate "2019.10.04"]
[EventType "swiss"]
[EventCountry "ITA"]
[SourceTitle "playchess.com"]
[Source "ChessBase"]
[SourceQuality "1"]
[TimeControl "40/5400+30:1800+30"]

1. c4 {[%emt 0:00:30]} c5 {[%emt 0:00:30]} 2. Nf3 {[%emt 0:00:00]} Nc6 {[%emt 0:00:00]} 3. d4 {[%emt 0:00:00]} cxd4 {[%emt 0:01:00]} 4. Nxd4 {[%emt 0:00:00]} g6 {[%emt 0:01:30]} 5. e4 {[%emt 0:00:00]} Bg7 {[%emt 0:00:30]} 6. Be3 d6 {[%emt 0:00:30]} 7. Nc3 {[%emt 0:01:00]} Nf6 {[%emt 0:01:30]} 8. Be2 {[%emt 0:03:30]} O-O {[%emt 0:00:00]} 9. O-O {[%emt 0:00:00]} Bd7 {[%emt 0:05:00]} 10. Nc2 {[%emt 0:00:00]} Ne8 {[%emt 0:08:30]} 11. Rb1 {[%emt 0:03:30]} Nc7 12. Qd2 {[%emt 0:03:30]} Ne6 {[%emt 0:16:00]} 13. Rfd1 {[%emt 0:01:30]} b6 14. f3 {[%emt 0:05:30]} Bc8 {[%emt 0:15:00]} 15. Nd5 Bb7 {[%emt 0:00:30]} 16. Bf1 {[%emt 0:06:00]} Rc8 {[%emt 0:02:30]} 17. b3 Re8 {[%emt 0:02:30]} 18. h3 {[%emt 0:09:00]} Nc5 {[%emt 0:04:30]} 19. Bg5 {[%emt 0:00:30]} Ne6 {[%emt 0:00:00]} 20. Be3 {[%emt 0:03:30]} Nc5 {[%emt 0:01:00]} 21. Na3 {[%emt 0:01:30]} Ba8 {[%emt 0:09:30]} 22. b4 Ne6 {[%emt 0:00:00]} 23. Nb5 {[%emt 0:04:00]} Rb8 {[%emt 0:08:00]} 24. Qf2 Rf8 {[%emt 0:10:22]} 25. Kh1 {[%emt 0:11:00]} f5 {[%emt 0:00:00]} 26. exf5 {[%emt 0:00:30]} Rxf5 {[%emt 0:01:47]} 27. Qg3 {[%emt 0:36:58]} a6 {[%emt 0:01:19]} 28. Nbc3 {[%emt 0:00:00]} Ned4 {[%emt 0:04:15]} 29. b5 {[%emt 0:00:00]} axb5 {[%emt 0:01:29]} 30. cxb5 {[%emt 0:00:00]} Nxf3 31. bxc6 {[%emt 0:00:00]} Bxc6 {[%emt 0:06:38]} 32. Bc4 e6 {[%emt 0:01:06]} 33. Nb4 {[%emt 0:00:00]} Be5 {[%emt 0:00:00]} 34. Nxc6 {[%emt 0:00:00]} Qc8 {[%emt 0:01:02]} 35. Ne7+ {[%emt 0:14:43]} Kf7 {[%emt 0:00:13]} 36. Nxc8 {[%emt 0:00:00]} Bxg3 {[%emt 0:00:45]} 37. Nxd6+ {[%emt 0:00:00]} 1-0

[Event "41st Arco Open 2019"]
[Site "Arco"]
[Date "2019.10.09"]
[Round "6"]
[White "Kuhn, Tobias"]
[Black "Molnar, Bela"]
[Result "0-1"]
[WhiteElo "2234"]
[BlackElo "2305"]
[Annotator "ChessBase"]
[PlyCount "158"]
[EventDate "2019.10.04"]
[EventType "swiss"]
[EventCountry "ITA"]
[SourceTitle "playchess.com"]
[Source "ChessBase"]
[SourceQuality "1"]
[TimeControl "40/5400+30:1800+30"]

1. Nf3 {[%emt 0:00:30]} Nf6 {[%emt 0:01:30]} 2. g3 {[%emt 0:00:00]} g6 {[%emt 0:00:00]} 3. Bg2 {[%emt 0:01:00]} Bg7 {[%emt 0:02:00]} 4. O-O {[%emt 0:01:30]} O-O {[%emt 0:00:30]} 5. d4 {[%emt 0:01:30]} d6 {[%emt 0:00:30]} 6. b3 {[%emt 0:08:30]} a5 {[%emt 0:00:30]} 7. a3 {[%emt 0:01:30]} c5 {[%emt 0:02:30]} 8. Bb2 {[%emt 0:00:00]} Ne4 {[%emt 0:01:30]} 9. Nbd2 {[%emt 0:06:00]} Nxd2 {[%emt 0:00:00]} 10. Qxd2 {[%emt 0:00:30]} Nc6 {[%emt 0:00:00]} 11. c4 {[%emt 0:07:30]} Bg4 {[%emt 0:29:30]} 12. dxc5 {[%emt 0:10:30]} Bxf3 {[%emt 0:00:00]} 13. Bxf3 {[%emt 0:04:30]} dxc5 {[%emt 0:00:00]} 14. Qc2 {[%emt 0:01:30]} Bxb2 {[%emt 0:00:00]} 15. Qxb2 Nd4 {[%emt 0:00:00]} 16. Bg2 {[%emt 0:06:00]} Qb6 {[%emt 0:00:00]} 17. Rfb1 {[%emt 0:01:30]} Rfd8 {[%emt 0:00:00]} 18. e3 {[%emt 0:03:30]} Nc6 {[%emt 0:00:00]} 19. Qc3 {[%emt 0:01:30]} Rd6 {[%emt 0:00:00]} 20. Rd1 {[%emt 0:00:00]} Rad8 {[%emt 0:00:00]} 21. Bf3 {[%emt 0:05:00]} f6 {[%emt 0:00:00]} 22. Rd5 {[%emt 0:10:30]} Ne5 {[%emt 0:00:00]} 23. Be2 {[%emt 0:02:30]} e6 {[%emt 0:00:00]} 24. Rxd6 {[%emt 0:02:30]} Rxd6 {[%emt 0:00:00]} 25. f4 {[%emt 0:03:30]} Nd7 26. Rd1 {[%emt 0:01:30]} Rxd1+ {[%emt 0:00:30]} 27. Bxd1 {[%emt 0:00:00]} Qd6 {[%emt 0:00:30]} 28. Bf3 {[%emt 0:02:02]} b6 {[%emt 0:00:30]} 29. Kf2 {[%emt 0:00:30]} Kf7 {[%emt 0:00:30]} 30. Ke2 {[%emt 0:00:22]} Ke7 31. Qc2 {[%emt 0:00:45]} f5 {[%emt 0:05:00]} 32. h3 {[%emt 0:00:00]} g5 {[%emt 0:01:30]} 33. Qc3 {[%emt 0:07:02]} e5 {[%emt 0:01:30]} 34. Bd5 {[%emt 0:00:30]} gxf4 {[%emt 0:02:30]} 35. exf4 {[%emt 0:04:12]} Qh6 36. fxe5 {[%emt 0:01:52]} Qxh3 {[%emt 0:02:00]} 37. Qe3 {[%emt 0:00:00]} Qg4+ {[%emt 0:02:30]} 38. Ke1 {[%emt 0:05:23]} Qg7 {[%emt 0:00:30]} 39. e6 {[%emt 0:00:23]} Ne5 {[%emt 0:00:00]} 40. Kf1 {[%emt 0:01:56]} Ng4 41. Qf4 {[%emt 0:26:07]} Qa1+ {[%emt 0:02:30]} 42. Ke2 {[%emt 0:00:00]} Qb2+ {[%emt 0:03:30]} 43. Kf1 {[%emt 0:01:28]} Qb1+ 44. Ke2 {[%emt 0:00:13]} Qc2+ {[%emt 0:01:00]} 45. Ke1 {[%emt 0:00:20]} Qc3+ {[%emt 0:00:30]} 46. Ke2 {[%emt 0:00:13]} Qe5+ {[%emt 0:00:30]} 47. Kf3 Nh2+ {[%emt 0:02:30]} 48. Kg2 {[%emt 0:06:54]} Qxf4 {[%emt 1:16:14]} 49. gxf4 {[%emt 0:00:02]} Ng4 50. a4 {[%emt 0:00:00]} Nf6 {[%emt 0:00:00]} 51. Kg3 {[%emt 0:01:41]} Nh5+ {[%emt 0:00:00]} 52. Kf3 {[%emt 0:00:32]} Kf6 {[%emt 0:00:00]} 53. Ke3 {[%emt 0:00:10]} Ke7 54. Kf3 {[%emt 0:00:06]} h6 {[%emt 0:00:00]} 55. Ke3 {[%emt 0:00:00]} Nf6 {[%emt 0:00:00]} 56. Kf3 {[%emt 0:00:39]} Ng8 {[%emt 0:00:00]} 57. Kg3 {[%emt 0:01:07]} Kf6 {[%emt 0:00:00]} 58. Kf3 {[%emt 0:00:35]} Ne7 {[%emt 0:00:00]} 59. Kg3 {[%emt 0:00:24]} Ng6 {[%emt 0:00:00]} 60. Kf3 {[%emt 0:00:00]} h5 {[%emt 0:00:00]} 61. Kg3 {[%emt 0:01:14]} h4+ {[%emt 0:00:00]} 62. Kf3 {[%emt 0:00:47]} Ke7 63. Ke3 {[%emt 0:00:24]} h3 64. Kf3 {[%emt 0:00:18]} h2 {[%emt 0:00:00]} 65. Kg3 {[%emt 0:00:00]} Kf6 {[%emt 0:00:00]} 66. Bh1 {[%emt 0:01:13]} Kxe6 {[%emt 0:00:00]} 67. Bd5+ {[%emt 0:00:16]} Kf6 {[%emt 0:00:00]} 68. Bf3 {[%emt 0:00:24]} Kg7 {[%emt 0:00:00]} 69. Bg2 {[%emt 0:00:09]} Nf8 {[%emt 0:00:00]} 70. Bd5 {[%emt 0:00:00]} Ne6 {[%emt 0:00:00]} 71. Bb7 {[%emt 0:01:39]} Nd4 {[%emt 0:00:00]} 72. Kxh2 {[%emt 0:00:16]} Ne2 {[%emt 0:00:00]} 73. Bf3 {[%emt 0:00:51]} Nxf4 {[%emt 0:00:00]} 74. Kg3 {[%emt 0:00:19]} Ne6 {[%emt 0:00:00]} 75. Bd1 {[%emt 0:00:00]} Kf6 {[%emt 0:00:00]} 76. Kf3 {[%emt 0:00:59]} Ke5 {[%emt 0:00:00]} 77. Ke3 {[%emt 0:00:20]} Nd4 {[%emt 0:00:00]} 78. Kd3 {[%emt 0:00:19]} f4 79. Kc3 {[%emt 0:00:36]} f3 {[%emt 0:00:00]} 0-1

[Event "41st Arco Open 2019"]
[Site "Arco"]
[Date "2019.10.09"]
[Round "6"]
[White "Felgendreher, Heiko"]
[Black "Aditya Bikram Paul"]
[Result "1/2-1/2"]
[WhiteElo "2196"]
[BlackElo "1794"]
[Annotator "ChessBase"]
[PlyCount "108"]
[EventDate "2019.10.04"]
[EventType "swiss"]
[EventCountry "ITA"]
[SourceTitle "playchess.com"]
[Source "ChessBase"]
[SourceQuality "1"]
[TimeControl "40/5400+30:1800+30"]

1. e4 {[%emt 0:00:30]} c5 {[%emt 0:08:30]} 2. Nf3 {[%emt 0:00:00]} e6 {[%emt 0:00:00]} 3. d4 {[%emt 0:00:00]} cxd4 {[%emt 0:00:00]} 4. Nxd4 {[%emt 0:00:00]} Nf6 {[%emt 0:00:30]} 5. Nc3 {[%emt 0:00:00]} Nc6 {[%emt 0:00:30]} 6. Ndb5 {[%emt 0:08:30]} Bb4 {[%emt 0:00:00]} 7. a3 {[%emt 0:00:00]} Bxc3+ {[%emt 0:00:00]} 8. Nxc3 {[%emt 0:00:00]} d5 {[%emt 0:00:30]} 9. exd5 {[%emt 0:10:30]} exd5 10. Bd3 {[%emt 0:01:30]} d4 {[%emt 0:00:00]} 11. Qe2+ {[%emt 0:10:30]} Be6 12. Ne4 {[%emt 0:00:30]} Nxe4 {[%emt 0:00:00]} 13. Qxe4 {[%emt 0:00:00]} Qd5 {[%emt 0:01:30]} 14. O-O {[%emt 0:01:00]} Qxe4 {[%emt 0:00:30]} 15. Bxe4 {[%emt 0:00:30]} O-O-O {[%emt 0:00:30]} 16. Re1 {[%emt 0:03:30]} Rhe8 17. Bf4 {[%emt 0:11:30]} h6 {[%emt 0:02:00]} 18. h4 Ne7 {[%emt 0:00:30]} 19. Rad1 {[%emt 0:09:00]} Bf5 {[%emt 0:06:30]} 20. Bf3 Bxc2 {[%emt 0:06:30]} 21. Rc1 {[%emt 0:18:00]} d3 {[%emt 0:00:30]} 22. Bd1 {[%emt 0:03:30]} Nf5 {[%emt 0:05:30]} 23. Rxe8 {[%emt 0:02:30]} Rxe8 24. Bxc2 {[%emt 0:02:44]} dxc2 {[%emt 0:00:00]} 25. Rxc2+ Kd8 {[%emt 0:00:30]} 26. g3 {[%emt 0:04:26]} Re4 {[%emt 0:54:54]} 27. Bb8 {[%emt 0:01:14]} Nd4 {[%emt 0:00:00]} 28. Rc5 {[%emt 0:00:00]} Nc6 {[%emt 0:00:00]} 29. Bf4 {[%emt 0:01:44]} Ke7 {[%emt 0:00:00]} 30. Kg2 {[%emt 0:00:57]} Re2 {[%emt 0:00:00]} 31. b4 {[%emt 0:00:35]} Ra2 32. b5 {[%emt 0:00:12]} Na5 {[%emt 0:00:00]} 33. Be3 {[%emt 0:00:00]} Rxa3 {[%emt 0:00:00]} 34. Rc7+ {[%emt 0:04:46]} Ke6 35. Bxa7 {[%emt 0:00:11]} Rb3 {[%emt 0:00:00]} 36. Bd4 {[%emt 0:06:16]} g6 {[%emt 0:00:00]} 37. b6 {[%emt 0:00:17]} Nc6 {[%emt 0:00:00]} 38. Be3 {[%emt 0:00:00]} Nd8 {[%emt 0:00:00]} 39. Rc8 {[%emt 0:01:28]} Kd7 {[%emt 0:00:00]} 40. Rc7+ {[%emt 0:00:01]} Ke6 41. Kh3 {[%emt 0:13:09]} h5 42. Bg5 {[%emt 0:01:30]} f6 {[%emt 0:00:00]} 43. Be3 Rd3 44. Rg7 {[%emt 0:01:00]} Kf5 {[%emt 0:00:00]} 45. Re7 Rd5 {[%emt 0:00:00]} 46. Kg2 {[%emt 0:02:09]} Rd3 47. Kf1 {[%emt 0:01:51]} Rd6 {[%emt 0:00:00]} 48. Kg2 {[%emt 0:04:56]} Rd5 {[%emt 0:00:00]} 49. Kh3 {[%emt 0:00:03]} Re5 {[%emt 0:00:00]} 50. Rd7 {[%emt 0:00:00]} Re8 {[%emt 0:00:00]} 51. Kg2 {[%emt 0:01:24]} Ke6 52. Rg7 {[%emt 0:00:16]} Kf5 {[%emt 0:00:00]} 53. Kf3 {[%emt 0:01:01]} Rf8 {[%emt 0:00:00]} 54. Re7 {[%emt 0:01:09]} Rf7 {[%emt 0:00:00]} 1/2-1/2

[Event "41st Arco Open 2019"]
[Site "Arco"]
[Date "2019.10.09"]
[Round "6"]
[White "De Santis, Alessio"]
[Black "Sarkar, Justin"]
[Result "0-1"]
[WhiteElo "2178"]
[BlackElo "2350"]
[Annotator "ChessBase"]
[PlyCount "74"]
[EventDate "2019.10.04"]
[EventType "swiss"]
[EventCountry "ITA"]
[SourceTitle "playchess.com"]
[Source "ChessBase"]
[SourceQuality "1"]
[TimeControl "40/5400+30:1800+30"]

1. Nf3 {[%emt 0:01:30]} g6 {[%emt 0:01:30]} 2. c4 {[%emt 0:00:30]} Bg7 {[%emt 0:00:30]} 3. g3 {[%emt 0:00:30]} e5 {[%emt 0:00:30]} 4. d3 {[%emt 0:00:30]} d6 5. Bg2 {[%emt 0:00:00]} Nc6 {[%emt 0:03:00]} 6. Nc3 f5 {[%emt 0:00:30]} 7. Rb1 {[%emt 0:02:30]} Nf6 {[%emt 0:02:30]} 8. O-O {[%emt 0:03:30]} O-O {[%emt 0:00:30]} 9. Bg5 {[%emt 0:09:30]} h6 {[%emt 0:00:30]} 10. Bxf6 {[%emt 0:00:30]} Bxf6 {[%emt 0:00:00]} 11. Nd5 {[%emt 0:00:30]} Bg7 {[%emt 0:00:00]} 12. b4 {[%emt 0:00:30]} g5 {[%emt 0:02:30]} 13. b5 {[%emt 0:01:30]} Ne7 {[%emt 0:13:30]} 14. Nxe7+ {[%emt 0:04:30]} Qxe7 {[%emt 0:00:00]} 15. Nd2 {[%emt 0:04:30]} h5 {[%emt 0:00:00]} 16. e4 {[%emt 0:08:30]} f4 {[%emt 0:00:00]} 17. Qxh5 {[%emt 0:00:00]} g4 {[%emt 0:00:00]} 18. f3 {[%emt 0:07:00]} Rf6 {[%emt 0:00:00]} 19. Qh4 {[%emt 0:19:30]} Qe8 {[%emt 0:16:00]} 20. gxf4 {[%emt 0:01:30]} Rxf4 {[%emt 0:33:30]} 21. Qg5 {[%emt 0:08:30]} Kh7 {[%emt 0:00:00]} 22. fxg4 {[%emt 0:00:30]} Rxg4 {[%emt 0:00:00]} 23. Qe3 {[%emt 0:00:30]} Bh6 {[%emt 0:00:00]} 24. Qe2 Bf4 {[%emt 0:00:00]} 25. Rf2 {[%emt 0:01:00]} Qh5 {[%emt 0:00:00]} 26. Nf1 {[%emt 0:00:00]} Be6 {[%emt 0:00:00]} 27. Ng3 {[%emt 0:22:42]} Qh4 28. Nf5 {[%emt 0:02:13]} Qxh2+ {[%emt 0:00:00]} 29. Kf1 {[%emt 0:00:00]} Rag8 {[%emt 0:00:00]} 30. Qf3 {[%emt 0:01:06]} Bxf5 31. exf5 {[%emt 0:00:06]} Be3 {[%emt 0:10:30]} 32. Rbb2 {[%emt 0:01:38]} Rxg2 {[%emt 0:01:02]} 33. Rxg2 {[%emt 0:00:36]} Qh1+ {[%emt 0:00:53]} 34. Ke2 {[%emt 0:00:30]} Rxg2+ {[%emt 0:00:07]} 35. Kxe3 {[%emt 0:00:00]} Qh6+ {[%emt 0:00:30]} 36. Ke4 {[%emt 0:00:00]} Rxb2 {[%emt 0:03:40]} 37. f6 {[%emt 0:00:24]} Qf4+ {[%emt 0:00:37]} 0-1

[Event "41st Arco Open 2019"]
[Site "Arco"]
[Date "2019.10.09"]
[Round "6"]
[White "Shehzad, Shazil"]
[Black "Fecker, Noah"]
[Result "0-1"]
[WhiteElo "2140"]
[BlackElo "2240"]
[Annotator "ChessBase"]
[PlyCount "114"]
[EventDate "2019.10.04"]
[EventType "swiss"]
[EventCountry "ITA"]
[SourceTitle "playchess.com"]
[Source "ChessBase"]
[SourceQuality "1"]
[TimeControl "40/5400+30:1800+30"]

1. e4 {[%emt 0:00:30]} c5 {[%emt 0:00:30]} 2. Nf3 {[%emt 0:00:00]} e6 {[%emt 0:00:00]} 3. d4 {[%emt 0:00:00]} cxd4 {[%emt 0:00:00]} 4. Nxd4 {[%emt 0:00:30]} Nc6 {[%emt 0:00:00]} 5. Nc3 {[%emt 0:00:00]} Qc7 {[%emt 0:00:00]} 6. Be3 {[%emt 0:00:00]} a6 {[%emt 0:00:00]} 7. a3 {[%emt 0:00:30]} Nf6 {[%emt 0:01:00]} 8. f4 d6 {[%emt 0:00:30]} 9. Qf3 {[%emt 0:00:00]} e5 {[%emt 0:01:30]} 10. Nxc6 {[%emt 0:00:30]} bxc6 {[%emt 0:00:30]} 11. Bc4 {[%emt 0:00:30]} Ng4 {[%emt 0:01:30]} 12. O-O {[%emt 0:03:30]} Nxe3 {[%emt 0:24:30]} 13. Qxe3 {[%emt 0:00:30]} Qa7 {[%emt 0:00:30]} 14. Qxa7 {[%emt 0:01:30]} Rxa7 {[%emt 0:02:30]} 15. Na4 exf4 {[%emt 0:21:30]} 16. Rxf4 {[%emt 0:09:00]} Be6 17. Bxe6 {[%emt 0:09:30]} fxe6 {[%emt 0:03:00]} 18. c4 {[%emt 0:02:30]} Be7 19. Raf1 {[%emt 0:03:30]} Bf6 {[%emt 0:06:00]} 20. Rd1 {[%emt 0:33:30]} Ke7 {[%emt 0:02:30]} 21. Rf3 {[%emt 0:00:00]} Rb8 {[%emt 0:11:30]} 22. Rfd3 {[%emt 0:00:00]} Be5 {[%emt 0:01:30]} 23. b4 {[%emt 0:00:00]} a5 {[%emt 0:00:00]} 24. c5 {[%emt 0:00:00]} axb4 {[%emt 0:03:00]} 25. cxd6+ {[%emt 0:00:00]} Bxd6 {[%emt 0:00:30]} 26. Rxd6 {[%emt 0:00:00]} bxa3 {[%emt 0:07:05]} 27. Nc3 {[%emt 0:00:00]} a2 {[%emt 0:00:16]} 28. Nxa2 {[%emt 0:00:00]} Rxa2 {[%emt 0:00:00]} 29. e5 {[%emt 0:00:00]} Rb7 {[%emt 0:03:56]} 30. Rxc6 {[%emt 0:28:21]} Re2 {[%emt 0:00:34]} 31. Rdc1 {[%emt 0:00:00]} Rxe5 {[%emt 0:00:43]} 32. Rc7+ {[%emt 0:00:00]} Rxc7 {[%emt 0:00:10]} 33. Rxc7+ {[%emt 0:00:00]} Kf6 {[%emt 0:00:30]} 34. Kf2 {[%emt 0:00:00]} h5 {[%emt 0:01:23]} 35. Kf3 Ra5 {[%emt 0:01:07]} 36. g3 {[%emt 0:00:00]} Ra3+ {[%emt 0:00:00]} 37. Kg2 {[%emt 0:00:00]} Ra2+ {[%emt 0:01:34]} 38. Kh3 {[%emt 0:08:08]} g5 {[%emt 0:02:41]} 39. g4 {[%emt 0:00:00]} Ra3+ {[%emt 0:00:00]} 40. Kg2 {[%emt 0:00:00]} h4 {[%emt 0:01:52]} 41. Rc5 {[%emt 0:32:44]} Ra4 {[%emt 0:30:52]} 42. Kh3 {[%emt 0:00:00]} Rd4 {[%emt 0:00:00]} 43. Rc8 {[%emt 0:00:00]} Ke5 {[%emt 0:05:36]} 44. Rg8 {[%emt 0:00:00]} Rd3+ {[%emt 0:00:00]} 45. Kg2 {[%emt 0:00:00]} Kf4 {[%emt 0:00:00]} 46. Rg6 {[%emt 0:00:00]} e5 {[%emt 0:00:00]} 47. h3 {[%emt 0:00:00]} Rd2+ {[%emt 0:00:00]} 48. Kf1 {[%emt 0:00:00]} e4 {[%emt 0:00:00]} 49. Rf6+ {[%emt 0:00:00]} Kg3 {[%emt 0:00:00]} 50. Rf5 {[%emt 0:00:00]} Kxh3 {[%emt 0:00:00]} 51. Rxg5 {[%emt 0:00:00]} Kg3 {[%emt 0:00:00]} 52. Rh5 {[%emt 0:00:00]} Kxg4 {[%emt 0:00:00]} 53. Rh8 {[%emt 0:00:00]} h3 {[%emt 0:00:00]} 54. Rg8+ {[%emt 0:00:00]} Kf3 {[%emt 0:00:00]} 55. Rf8+ {[%emt 0:00:00]} Ke3 {[%emt 0:00:00]} 56. Kg1 {[%emt 0:00:00]} Rd7 {[%emt 0:00:00]} 57. Rh8 {[%emt 0:00:00]} Kd2 0-1

[Event "41st Arco Open 2019"]
[Site "Arco"]
[Date "2019.10.09"]
[Round "6"]
[White "Tolhuizen, Ludo"]
[Black "Van den Bersselaar, Jeroen"]
[Result "1/2-1/2"]
[WhiteElo "2102"]
[BlackElo "2175"]
[Annotator "ChessBase"]
[PlyCount "25"]
[EventDate "2019.10.04"]
[EventType "swiss"]
[EventCountry "ITA"]
[SourceTitle "playchess.com"]
[Source "ChessBase"]
[SourceQuality "1"]
[TimeControl "40/5400+30:1800+30"]

1. e4 {[%emt 0:00:30]} e5 {[%emt 0:00:30]} 2. Nf3 {[%emt 0:00:00]} Nc6 {[%emt 0:00:00]} 3. Bb5 {[%emt 0:00:00]} a6 {[%emt 0:00:00]} 4. Bxc6 {[%emt 0:00:30]} dxc6 {[%emt 0:00:30]} 5. O-O {[%emt 0:00:30]} Bg4 {[%emt 0:00:30]} 6. h3 h5 {[%emt 0:00:30]} 7. c3 {[%emt 0:00:00]} Qd3 {[%emt 0:00:30]} 8. hxg4 {[%emt 0:01:30]} hxg4 {[%emt 0:00:30]} 9. Nxe5 {[%emt 0:00:00]} Bd6 {[%emt 0:00:30]} 10. Nxd3 {[%emt 0:00:00]} Bh2+ {[%emt 0:00:00]} 11. Kh1 {[%emt 0:00:00]} Bg3+ {[%emt 0:00:00]} 12. Kg1 {[%emt 0:00:00]} Bh2+ {[%emt 0:00:30]} 13. Kh1 {[%emt 0:00:30]} 1/2-1/2